| 000 | 00440nam a22001697a 4500 | ||
|---|---|---|---|
| 003 | GBCCL | ||
| 005 | 20251202140644.0 | ||
| 008 | 180509b ||||| |||| 00| 0 eng d | ||
| 040 | _cgbc | ||
| 082 |
_aVER 225.5954 _bZOM 1 |
||
| 245 | _aZokam Thukhun Thak | ||
| 250 | _aZokam International Version | ||
| 260 |
_aSouth Holland: _bBible League, _c1994 |
||
| 300 |
_a398 p.; _c21 cm. |
||
| 650 |
_aBible _xNew Testament _911333 |
||
| 942 |
_2ddc _cBK |
||
| 999 |
_c6324 _d6324 |
||